000 00979nam0a2200301 4500
001 RU\NLR\BIBL_A\022458744
005 20250810080352.0
035 _a(NLR Aleph) 022458744
090 _a13362675
_c13362675
100 _a20250214d1942 m y0rusy50 ca
101 0 _auzb
_crus
102 _aUZ
105 _ay z 000 y
181 0 _ai
_baxxe
182 0 _an
200 1 _aУчучи Кобизов
_fБ. Северов
_gТинчерова таржимаси
203 _aТекст
_bвизуальный
_cнепосредственный
210 _aТошкент
_cЎзССР давлат нашриёти
_d1942
215 _a27, [1] с.
_d17
541 1 _aЛетчик Кобызов
_zrus
700 1 _aСеверов
_bБ.
_4070
702 1 _aТинчерова
_bЗ.
_4730
852 _aNLR
_bОНЛ
_jУзбек./2-1391
942 _cBOOK
945 _aРоссийская национальная библиотека
980 _aBV
980 _aNB